| 000 | 00659cam a22002293a 4500 | ||
|---|---|---|---|
| 001 | 30290 | ||
| 003 | PGUSA | ||
| 005 | 20140828083644.0 | ||
| 008 | 091019s2009||||xxu|||||s|||||000 | eng d | ||
| 040 |
_aPGUSA _beng |
||
| 042 | _adc | ||
| 050 | 4 | _aNA | |
| 100 | 1 |
_aHeath, Sidney, _d1872- |
|
| 245 | 1 | 0 |
_aOur Homeland Churches and How to Study Them _h[electronic resource] / _cSidney Heath |
| 260 |
_bProject Gutenberg, _c2009 |
||
| 506 | _aPublic domain in the USA. | ||
| 516 | _aElectronic text | ||
| 653 | _aChurch architecture -- Great Britain | ||
| 830 | 0 |
_aProject Gutenberg _v30290 |
|
| 856 | 4 | 0 | _uhttp://www.gutenberg.org/ebooks/30290 |
| 942 | _cEB | ||
| 999 |
_c259545 _d259545 |
||